000 00325nam a2200109Ia 4500
008 220204s9999 xx 000 0 und d
020 _a9291371165
082 _a339.564(035)
_bITC;1
245 0 _aInnovating for success in the export of services : A handbook
260 _aGeneva
_bInternational Trade Centre
_c2001
942 _cBK
999 _c43898
_d43898